INORGANIC CHEMISTRY (Record no. 216857)

MARC details
000 -LEADER
fixed length control field 00478nam a22001697a 4500
008 - FIXED-LENGTH DATA ELEMENTS--GENERAL INFORMATION
fixed length control field 260323b |||||||| |||| 00| 0 eng d
020 ## - INTERNATIONAL STANDARD BOOK NUMBER
International Standard Book Number 978-81-203-4308-5
100 ## - MAIN ENTRY--PERSONAL NAME
Personal name SAHOO BALARAM
245 ## - TITLE STATEMENT
Title INORGANIC CHEMISTRY
260 ## - PUBLICATION, DISTRIBUTION, ETC.
Place of publication, distribution, etc. NEW DELHI
Name of publisher, distributor, etc. PHI LEARNING
Date of publication, distribution, etc. 2012
300 ## - PHYSICAL DESCRIPTION
Extent XXXV,1036P.
500 ## - GENERAL NOTE
General note INCLUDES AN INDEX
650 ## - SUBJECT ADDED ENTRY
Topical term or geographic name entry element CHEMISTRY
700 ## - ADDED ENTRY--PERSONAL NAME
Personal name NIMAI CHARAN NAYAK, ASUTOSH SAMANTARAY, PRAFULLA KUMAR PUJAPANDA
942 ## - ADDED ENTRY ELEMENTS (KOHA)
Source of classification or shelving scheme Library of Congress Classification
Koha item type Long Loan Book
Holdings
Withdrawn status Lost status Source of classification or shelving scheme Damaged status Not for loan Collection Home library Current library Shelving location Date acquired Inventory number Total checkouts Full call number Barcode Date last seen Copy number Price effective from Koha item type
    Library of Congress Classification     Science & Technology Kisii University Library Kisii University Library On Display 03/23/2026 112475   QD 151 .I36 2012 A000524 03/23/2026 1 03/23/2026 Long Loan Book
    Library of Congress Classification     Science & Technology Kisii University Library Kisii University Library On Display 03/23/2026 112476   QD 151 .I 36 2012 A000523 03/23/2026 2 03/23/2026 Long Loan Book
    Library of Congress Classification     Science & Technology Kisii University Library Kisii University Library On Display 03/23/2026 112477   QD 151 .I36 2012 A000522 03/23/2026 3 03/23/2026 Long Loan Book
    Library of Congress Classification     Science & Technology Kisii University Library Kisii University Library On Display 03/23/2026 112478   QD 151 .I36 2012 A000521 03/23/2026 4 03/23/2026 Long Loan Book